00789cam a22002413a 450000100060000000300060000600500170001200800410002904000150007004200070008505000070009210000300009924502150012926000290034450600300037351600200040365300140042365300110043765300190044865300090046783000290047685600420050527975PGUSA20140828083614.0090203s2009||||xxu|||||s|||||000 | eng d aPGUSAbeng adc 4aQL1 aVasey, George,d1822-189310aDelineations of the Ox Tribe :bThe Natural History of Bulls, Bisons, and Buffaloes. : Exhibiting all the Known Species and the More Remarkable Varieties of the Genus Bos.h[electronic resource] /cGeorge Vasey bProject Gutenberg,c2009 aPublic domain in the USA. aElectronic text aBuffaloes aCattle aAmerican bison aOxen 0aProject Gutenbergv2797540uhttp://www.gutenberg.org/ebooks/27975